000 01061nam a2200265Ia 4500
003 OSt
005 20221005111747.0
006 a|||||r|||| 00| 0
007 ta
008 221004b |||||||| |||| 00| 0 hin d
020 _c250
024 _a13744
037 _bSP/3343, 19/03/2014, Star Publications Pvt. Ltd.
_cTextual
040 _aCRL
_cCRL
_bhin
041 _2hin
_ahin
082 _aO152,3:g(Y15), P0
100 _aपिल्लै, राजम नटराजन
245 0 _aगांधी युगीन नारी - जागरण और हिन्दी उपन्यास
246 _aGāandhī yugīn nārī - jāgaraṇ aur hindī upanyāsa
260 _aमुंबई
_bशुभंकर प्रकाशन भारत
_c2000
300 _a299पृ0
_ccm.
650 _aहिन्दी साहित्य
942 _hO152,3:g(Y15), P0
_cTEXL
_2cc
999 _c1022803
_d1022803